000 01611nam a22004457a 4500
001 000096453
003 CHAP
005 20220329143156.0
008 061023d2006 mx r 00110 spa d
010 _a92919
011 _a93891
035 _a104473
040 _cCHAP
090 _aTesis
100 1 _aAltunar Pablo, Israel.
_94721
245 1 0 _aCobertura proporcionada por diferentes boquillas en un suelo cubierto con paja de trigo (Triticum aestivum L.) /
_c/por Israel Altunar Pablo.
260 _aChapingo, Méx. :
_bEl autor,
_c2006.
300 _a31 h. :
_bgráfs.; cuadros.
502 _aTesis (Ing. Agr. Esp. en Parasitología Agrícola) - - UACH. Departamento Agrícola
590 _aALEPH
_b10
_c20130110
_lUCH01
_h1514
590 _aBATCH-UPD
_b10
_c20130110
_lUCH01
_h0755
590 _aBATCH-UPD
_b10
_c20130410
_lUCH01
_h0435
590 _aBATCH-UPD
_b10
_c20130914
_lUCH01
_h0250
590 _aBATCH-UPD
_b10
_c20140324
_lUCH01
_h1459
590 _aBATCH-UPD
_b10
_c20141002
_lUCH01
_h0831
590 _aBATCH
_b00
_c20181121
_lUCH01
_h0758
590 _aCONVERSION
_b10
_c20130109
_lUCH01
_h1351
590 _aE792CSJ
_b10
_c20130607
_lUCH01
_h1108
650 1 4 _aBoquillas.
_913816
650 1 4 _aHerbicidas
_xAplicación.
_953692
650 1 4 _aPaja de Trigo.
_984778
856 _3Finding aid
_uhttp://10.13.5.2/tesis/104473.pdf
_zTeclea aquí
856 _a1
_n0000244
901 _aBK
905 _aElisama A. H.
942 _cCD
942 _n0
949 _aTesis
_bBC
_cLIBRO
_d00000000104473
_eTS1
_h45845
_i104473
_sb
949 _aTesis
_bBC
_cLIBRO
_d33724000996229
_eTS2
_fc.2
_h45846
_i104473
_sb
999 _c92919
_d92919